000 00303pab a2200133 454500
008 180718b1983 xxu||||| |||| 00| 0 eng d
245 _aFamily owned business
260 _c1983
300 _a5-80
362 _aSummer
650 _aBusiness - U.S.A.
773 _aOrganisational Dynamics
909 _a5031
999 _c5031
_d5031